| 000 | 00000nam 2200000za 4500 |
| 001 | 9.639665 |
| 003 | CaOODSP |
| 005 | 20220805092223 |
| 007 | cr ||||||||||| |
| 008 | 150407|2001||||xxc|||||o f|0| 0 fre d |
| 020 | |a0-662-86269-4 |
| 040 | |aCaOODSP|bfre |
| 043 | |an-cn--- |
| 086 | 1 |aH114-4/2001F-IN |
| 110 | 1 |aCanada.|bSanté Canada. |bAgence de réglementation de la lutte antiparasitaire. |
| 245 | 10|aLes sanctions administratives pécuniaires (SAP) |h[ressource électronique] |
| 260 | |bSanté Canada. |cc2001. |
| 300 | |a18p.|btableaux |
| 500 | |a«Procès-verbal»--p.1 de 18. |
| 590 | |a12-08-Supp|b2012-03-16 |
| 691 | 07|aPesticide|2gcpds |
| 691 | 07|aSanction économique|2gcpds |
| 775 | 08|tAdministrative monetary penalties (AMPs) |w(CaOODSP)9.695533 |
| 776 | 0#|tAdministrative Monetary Penalties (AMPs) |w(CaOODSP)9.663185 |
| 776 | 0#|tLes sanctions administratives pécuniaires (SAP) |w(CaOODSP)9.663186 |
| 794 | |tAgence de réglementation de la lutte antiparasitaire - les sanctions administratives pécuniaires (SAP) |w(CaOODSP)9.641126 |
| 856 | 40|ahttp://publications.gc.ca|qPDF|s82 Ko|uhttps://publications.gc.ca/collections/Collection/H114-4-2001F.pdf |